[Event "4NCL 2017-18"]
[Site "Northampton"]
[Date "2018.02.10"]
[Round "5"]
[White "Murphy, Conor E"]
[Black "Sreeves, Clement"]
[Result "0-1"]
[WhiteElo "2308"]
[BlackElo "2386"]
[Annotator "TA"]
[PlyCount "86"]
[EventDate "2018.??.??"]
[EventCountry "GBR"]
[SourceTitle "playchess.com"]
[Source "ChessBase"]
[SourceQuality "1"]

{[%evp 24,86,62,51,58,46,64,43,62,61,64,70,71,66,87,50,94,36,61,36,66,28,77,53,101,103,97,59,63,35,64,65,111,98,127,86,86,0,0,-218,0,-696,-693,-691,-687,-645,-610,-621,-613,-602,-583,-558,-566,-550,-535,-643,-616,-1121,-761,-1069,-639,-591,0,-955,-720]} 1. d4 Nf6 2. c4 g6 3. Nc3 Bg7 4. e4 d6 5. Nf3 O-O 6. Be2 e5 7. Be3 Nbd7 8. O-O Qe7 9. Qc2 exd4 {E94: King's Indian: Classical: 6 Be2 e5 7 0-0: Various Black 7th moves} (9... c6 10. Rad1 a6 11. Rfe1 exd4 12. Nxd4 h6 13. Bf1 Ng4 14. Bf4 Nc5 15. Qd2 Qf6 16. h3 Qxd4 17. Qxd4 Bxd4 18. hxg4 {½-½ (35) Wojtaszek,R (2745)-Adhiban,B (2682) Sharjah 2017}) 10. Nxd4 c6 11. Rfe1 Nc5 12. f3 a5 13. Rad1 {[#] LiveBook: 4 Games} Rd8 $146 ({Predecessor:} 13... a4 14. Qd2 Nfd7 15. Bf1 Re8 16. Bh6 Bf6 17. Nc2 {½-½ (30) Saric,A (2549)-Popovic,D (2528) Mali Losinj 2017}) 14. Bf1 Be6 15. Nxe6 Nxe6 16. Bb6 Rdc8 17. Bf2 Nd7 18. Qd2 Ne5 19. Kh1 Bf8 20. Bg3 (20. f4 $16) 20... g5 21. Na4 {Hoping for Nb6.} Rd8 22. Nb6 Rab8 23. Qxa5 Bg7 24. Qd2 Qf6 25. Be2 h5 26. h3 Nf4 27. b4 Bh6 {Threatening ...g4.} 28. Bxf4 gxf4 29. Qc3 Bg7 30. c5 (30. Qc1 $16) 30... Qh4 $11 {[#] White must now prevent ...Ng4.} 31. cxd6 $2 (31. Qc1 $11 {and White is okay.}) 31... Ng4 $2 (31... Nd7 $19 32. Qc2 Nxb6) 32. Qxg7+ $4 {[%mdl 8192]} (32. Qc5 $11 Nf2+ 33. Kh2 (33. Kg1 Nxh3+ 34. Kf1 Bc3 $11)) 32... Kxg7 $19 33. fxg4 {[#]} Rxd6 $1 {[%mdl 512]} 34. Nc4 (34. Rxd6 Qxe1+) 34... Rxd1 35. Rxd1 Qf2 36. Bf3 hxg4 37. Bxg4 Qxa2 38. Nd6 Qb3 39. e5 Qc3 40. Rd4 Qe1+ 41. Kh2 Qg3+ 42. Kh1 {aiming for Nf5+.} Qe1+ (42... Kf8 $142 43. Rd1 Qe3) 43. Kh2 Qxe5 {Precision: White = 34%, Black = 33%.} 0-1

[Event "4NCL 2017-18"]
[Site "Northampton"]
[Date "2018.02.10"]
[Round "5"]
[White "Rees, Ioan"]
[Black "Hunt, Adam C"]
[Result "0-1"]
[WhiteElo "2285"]
[BlackElo "2416"]
[Annotator "TA"]
[PlyCount "54"]
[EventDate "2018.??.??"]
[EventCountry "GBR"]
[SourceTitle "playchess.com"]
[Source "ChessBase"]
[SourceQuality "1"]

{[%evp 16,54,34,33,43,31,47,48,27,36,36,46,26,44,43,0,0,-28,-23,-15,-14,-15,-9,-22,-14,-19,0,-35,-27,-67,-62,-92,-83,-349,-359,-341,-350,-357,-341,-353,-347]} 1. Nf3 Nf6 2. c4 g6 3. b3 Bg7 4. Bb2 O-O 5. g3 d6 6. d4 {[%cal Bd2d4,Bd4d5][%mdl 32]} c5 7. Bg2 Nc6 8. d5 {E60: King's Indian: Unusual lines and Fianchetto Variation without Nc3} Na5 9. O-O {LiveBook: 14 Games} (9. Nfd2 a6 10. a4 e6 11. Na3 exd5 12. cxd5 Bd7 13. Ra2 b5 14. O-O bxa4 15. bxa4 Rb8 {1-0 (52) Jobava,B (2705)-Brunello,S (2555) Heraklio 2017}) 9... Rb8 10. Qe1 $146 {White is slightly better.} ({Predecessor:} 10. Nbd2 a6 11. a4 e5 12. Ne1 Nd7 13. e4 f5 14. Nd3 Nf6 15. Re1 fxe4 16. Nxe4 Nxe4 17. Bxe4 {1-0 (42) Espinoza,E (2290)-Di Berardino,D (2312) Rio de Janeiro 2003}) 10... b5 11. cxb5 Nxd5 12. Bxg7 Kxg7 13. e4 $1 {[%cal Re4d5]} Nf6 14. e5 dxe5 15. Qxe5 Rxb5 {[%cal Bb8b5,Bb5a5,Ba5a6][%mdl 32]} 16. Nc3 Nc6 {[%cal Ba5c6,Bc6d8,Bd8b7][%mdl 32]} 17. Qe3 $1 Ra5 18. Rfd1 Qc7 19. Rac1 Rd8 20. Rxd8 Nxd8 21. Ne5 Bb7 22. Nc4 {And now Bxb7 would win.} Ra6 $1 23. Nb5 Qd7 $40 {[%mdl 128] Black goes for the king.} 24. Qxc5 $2 {[%mdl 8192]} (24. Bxb7 $17 Qxb7 25. a4) 24... Bxg2 $1 $19 (24... Rxa2 25. Nc3 $11) 25. Kxg2 {[#]} Nb7 $1 {[%cal Rb7c5]} ({Less strong is} 25... Rxa2 26. Nc3 $17) 26. Qb4 {[#]} Qc6+ $1 ({Weaker is} 26... Rxa2 27. Nc3 $17) 27. Kg1 Nd5 {Precision: White = 53%, Black = 98%.} ({Inferior is} 27... Rxa2 28. Nc3 $11) 0-1

[Event "4NCL 2017-18"]
[Site "Northampton"]
[Date "2018.02.10"]
[Round "5"]
[White "Berry, Neil"]
[Black "Hill, Alistair"]
[Result "1-0"]
[WhiteElo "2267"]
[BlackElo "2159"]
[Annotator "TA"]
[PlyCount "61"]
[EventDate "2018.??.??"]
[EventCountry "GBR"]
[SourceTitle "playchess.com"]
[Source "ChessBase"]
[SourceQuality "1"]

{[%evp 18,61,25,14,21,20,17,7,14,22,42,38,35,35,35,37,39,27,36,31,37,32,40,39,61,60,91,76,315,307,305,304,299,280,287,251,239,206,305,310,300,293,672,660,618,598]} 1. d4 Nf6 {[%cal Bg8f6,Bf6d7,Bd7b6][%mdl 32]} 2. c4 g6 3. g3 c6 4. Bg2 d5 5. Qa4 (5. Nf3 Bg7 6. Qb3 O-O 7. O-O Qb6 8. Nc3 Rd8 9. h3 Bf5 10. Bf4 Na6 11. Qxb6 axb6 12. cxd5 Nxd5 13. Nxd5 Rxd5 14. Be5 Bxe5 15. dxe5 Be4 16. Rfd1 Bxf3 17. Bxf3 Rxe5 {0-1 (68) Li,C (2732)-Vachier Lagrave,M (2789) Riadh 2017}) 5... Nfd7 6. cxd5 {D71: Grünfeldindisch (Fianchetto)} Nb6 7. Qb3 cxd5 8. Nc3 Nc6 9. e3 e6 10. Nge2 {LiveBook: 4 Partien} Bg7 11. O-O O-O 12. Qd1 $146 ({Vorgänger:} 12. Rd1 Bd7 {½-½ (25) Maiorov,N (2596)-Libiszewski,F (2510) Roquetas de Mar 2015}) 12... a5 13. b3 Qe7 14. a4 Nb4 15. Ba3 Nd7 16. Qd2 Nb8 17. Na2 {[%cal Ra2b4]} N8a6 18. Nf4 {[%cal Be2f4,Bf4d3,Bd3e5][%mdl 32]} Rd8 19. Rfc1 Bf8 20. Nd3 b6 21. Bf1 Bb7 22. Ne5 Qg5 $2 {[#]} (22... Rdc8 $16 {war nötig.}) 23. Bxb4 $18 axb4 24. Bxa6 $1 Bxa6 25. Nxb4 Bd6 26. f4 Qf5 27. Nxa6 Bxe5 (27... Rxa6 $142 28. Rc6 h5) 28. fxe5 ({Nicht} 28. dxe5 Rxa6 29. Rc6 Kg7 $16) 28... Rxa6 29. Rc7 Qe4 $2 {[#]} (29... Qh5 30. Rf1 Rf8) 30. Rf1 Rf8 31. Qf2 {Precision: Weiß = 76%, Schwarz = 45%.} 1-0

[Event "4NCL 2017-18"]
[Site "Northampton"]
[Date "2018.02.10"]
[Round "5"]
[White "MacQueen, Calum"]
[Black "Kalavannan, Koby"]
[Result "1-0"]
[WhiteElo "2248"]
[BlackElo "2274"]
[Annotator "TA"]
[PlyCount "77"]
[EventDate "2018.??.??"]
[EventCountry "GBR"]
[SourceTitle "playchess.com"]
[Source "ChessBase"]
[SourceQuality "1"]

{[%evp 17,77,34,35,17,34,22,15,27,97,83,81,74,63,76,280,290,271,264,378,365,431,424,420,422,421,421,410,326,331,285,293,294,292,256,247,251,241,247,225,236,218,137,276,252,252,246,300,291,689,732,787,779,769,794,872,867,887,854,854,840,894,884]} 1. c4 Nf6 2. g3 c6 3. Bg2 d5 4. Nf3 Bf5 5. cxd5 cxd5 6. Qb3 Nc6 {A11: English Opening: 1...c6} 7. Qxb7 Bd7 8. Qb3 Rb8 9. Qd1 e5 {LiveBook: 6 Games. Strongly threatening ...e4.} 10. d4 {[%cal Bd2d4,Bd4e5][%mdl 32]} (10. O-O e4 11. Ne1 Bc5 12. d3 h5 13. Nc3 h4 14. dxe4 hxg3 15. hxg3 Bh3 16. Bxh3 Rxh3 17. Kg2 Qc8 18. Nd3 Rh5 19. Rh1 Rxh1 20. Qxh1 {1-0 (20) Dubov,D (2648)-Goganov,A (2627) St Petersburg 2016}) 10... Bb4+ 11. Nc3 Ne4 12. Bd2 Qa5 $146 (12... Nxd2 $11 {keeps the balance.} 13. Qxd2 e4) ({Predecessor:} 12... exd4 13. Nxd5 Ba5 14. O-O Rxb2 {½-½ (31) Vo,T (2299)-Nguyen,D (2102) Ho Chi Minh City 2013}) 13. dxe5 Bxc3 14. bxc3 Rb2 15. O-O Bg4 $2 {[#]} (15... O-O $16 {is a better defense.}) 16. Be1 $1 $18 Qc5 17. Nd4 Nxe5 (17... Bd7 $142 18. Qc1 Rb8) 18. f3 Nxc3 19. Bxc3 Qxc3 20. fxg4 O-O 21. Nf5 Nxg4 22. Qd4 Qxd4+ 23. Nxd4 Ne3 24. Rf3 Re8 25. Bh3 Rd2 26. Rb1 g6 27. Rb3 Nc4 28. Rfd3 Rxa2 29. Bg2 Re5 (29... Ra1+ $16 30. Kf2 Ne5) 30. Rb5 Ne3 31. Rb1 a5 32. Bf3 a4 $2 {[#]} (32... h5 33. h3 Kg7) 33. Nc6 {White is clearly winning.} Re6 34. Nb4 Rb6 35. Rxe3 ({Less strong is} 35. Nxa2 Rxb1+ 36. Kf2 Nd1+ 37. Kg2 d4 $18) 35... Rd2 36. Ra3 Rd4 37. Rxa4 Kg7 38. Rb2 h5 39. Nd3 {Precision: White = 76%, Black = 41%.} 1-0

[Event "4NCL 2017-18"]
[Site "Northampton"]
[Date "2018.02.10"]
[Round "5"]
[White "Visa Jordana, Joel"]
[Black "Nelson, Jonathan P"]
[Result "1/2-1/2"]
[WhiteElo "2229"]
[BlackElo "2179"]
[Annotator "TA"]
[PlyCount "85"]
[EventDate "2018.??.??"]
[EventCountry "GBR"]
[SourceTitle "playchess.com"]
[Source "ChessBase"]
[SourceQuality "1"]

{[%evp 9,85,-9,10,14,8,-10,4,0,10,0,0,0,16,11,33,39,35,16,17,14,46,30,91,0,7,0,0,0,5,-16,-13,-15,-12,-25,0,-2,11,8,2,0,0,-7,10,8,12,12,16,-12,-15,-36,0,0,0,0,0,-28,-10,-43,-37,-37,-37,-100,-47,-50,-56,-157,-143,-230,-100,-277,0,-238,0,-243,0,-208,0,-265]} 1. d4 Nf6 2. c4 d6 3. Nc3 e5 4. Bg5 (4. d5 Bf5 5. h3 h5 6. Nf3 Nbd7 7. Ng5 Nc5 8. b4 Nce4 9. Ncxe4 Nxe4 10. Qc2 Nxg5 11. Qxf5 Be7 12. Bd2 h4 {0-1 (40) Riazantsev,A (2650)-Rakhmanov,A (2653) Riadh 2017}) 4... Be7 5. e3 O-O 6. dxe5 {A53: Old Indian Defence without Nf3} dxe5 7. Qxd8 $146 (7. Qc2 {seems wilder.} h6 8. Rd1 Nbd7 9. Bh4 Bb4 10. Nge2) ({Predecessor:} 7. Qc2 c6 8. Bd3 h6 9. Bh4 Nbd7 10. Nf3 Qc7 11. Bg3 Bd6 12. O-O Re8 {1-0 (42) Kayser,I-Swainston,K (2135) Denmark 1995}) 7... Bxd8 8. Nf3 Nc6 9. Be2 Be6 10. O-O Nd7 11. Bxd8 Rfxd8 12. Ng5 Bf5 13. Rfd1 h6 14. Nge4 Bg6 15. Rd2 f5 (15... Nb6 $11) 16. Ng3 ({White should play} 16. Rad1 $16) 16... Nc5 $11 17. Rad1 Rxd2 18. Rxd2 Rd8 19. Nd5 Kf7 20. Rd1 Ne6 21. h4 f4 22. Nf1 Bc2 23. Rd2 Bf5 24. Bh5+ g6 25. Bf3 e4 26. Bd1 g5 27. hxg5 hxg5 28. Bc2 Ne5 29. b3 Bg6 30. Nc3 Nd3 31. Bxd3 exd3 32. Nh2 Bh5 33. Nf3 Bxf3 34. gxf3 $15 {[%mdl 4096] Endgame KRN-KRN} a5 35. Kg2 {[#]} (35. Rd1 $15) 35... Kg6 (35... Nc5 $1 $17) 36. Ne4 Kf5 37. Nc3 ({Better is} 37. Rd1 $15) 37... c6 $17 38. Na4 {[#]} (38. Rd1 $17 {keeps fighting.}) 38... Ke5 (38... fxe3 $1 $19 39. fxe3 g4 40. fxg4+ Ke4) 39. Kg1 $2 (39. Nb2 $17 {might work better.}) 39... Kf5 40. Kg2 $1 Ke5 41. Kg1 $1 Kf5 42. Kg2 $1 Ke5 43. Kg1 $1 {[%mdl 32768] Precision: White = 41%, Black = 37%. . An unexpected result.} 1/2-1/2

[Event "4NCL 2017-18"]
[Site "Northampton"]
[Date "2018.02.10"]
[Round "5"]
[White "Duncan, Chris R"]
[Black "Jones, Steven A"]
[Result "1-0"]
[WhiteElo "2226"]
[BlackElo "2219"]
[Annotator "TA"]
[PlyCount "93"]
[EventDate "2018.??.??"]
[EventCountry "GBR"]
[SourceTitle "playchess.com"]
[Source "ChessBase"]
[SourceQuality "1"]

{[%evp 23,92,41,47,-20,-17,-68,-29,-8,-9,-25,-18,-26,-31,-35,-28,-38,-31,-33,-6,-61,-56,-63,-77,-104,-94,-85,-81,-94,-8,-6,-8,-14,-7,-19,59,60,118,131,114,0,0,-50,-54,-63,-48,-30,-39,-65,0,0,0,0,0,0,0,0,151,79,853,841,12834,12835,12834,12834,6531,5277,1215,0,12840,12840,29999]} 1. c4 Nf6 2. Nc3 g6 3. e4 d6 4. d4 {[%cal Bd2d4,Bd4d5][%mdl 32]} Bg7 5. Nf3 O-O 6. Be2 e5 7. O-O Nc6 8. d5 Ne7 9. b4 Nh5 10. Re1 f5 11. Ng5 Nf6 12. f3 Nh5 {LiveBook: 83 Games. E97: King's Indian: Classical Main Line (6...e5 7 0-0 Nc6): 8 Be3 and 8 d5 Ne7, not 9 Ne1} (12... Kh8 13. Rb1 h6 14. Ne6 Bxe6 15. dxe6 fxe4 16. fxe4 Nc6 17. Nd5 Ng8 18. Bd3 Nd4 19. Qg4 g5 20. c5 {½-½ (59) Gelfand,B (2738)-Giri,A (2730) London 2012}) 13. Be3 (13. c5 $14) 13... Nf4 $11 14. g3 (14. Rc1 $11) 14... h6 $146 {Black is slightly better.} ({Predecessor:} 14... Nxe2+ 15. Rxe2 f4 16. gxf4 exf4 17. Bd4 Nf5 18. exf5 Qxg5+ 19. Rg2 Qxf5 20. Ne4 {½-½ (36) Gyimesi,Z (2596)-Uhlmann,W (2440) Austria 2002}) 15. gxf4 exf4 16. Bd4 {Bxg7 is the strong threat.} hxg5 17. Bxg7 Kxg7 18. Qd4+ Kh7 19. e5 $1 dxe5 20. Qxe5 Ng8 21. Bf1 (21. Nb5 $11) 21... Bd7 $15 22. Qd4 Re8 23. Rxe8 Qxe8 24. Kf2 Qf8 25. Re1 Qxb4 (25... Nf6 $17 26. c5 Qg7) 26. Rb1 $36 {[%mdl 2048] White fights for an advantage.} Qe7 27. Rxb7 Bc8 28. Rb1 {[%cal Bb7b1,Bb1e1,Be1e6][%mdl 32]} Ba6 (28... a6 $11) 29. Re1 $1 $14 {[%cal Re1e7][%mdl 1024] White has compensation.} Qa3 ({Black should play} 29... Qg7 $14 30. Qxg7+ Kxg7) 30. Re6 $16 Rf8 31. Be2 ({White should try} 31. d6 $1 $16 {[%cal Rd6d7] Threatens to win with d7.} Qb2+ 32. Kg1 cxd6 33. Rxd6) 31... Rf7 $1 $11 32. Qe5 Bxc4 33. Bxc4 {And now Ne2 would win.} Qc5+ 34. Kg2 {Strongly threatening Rc6.} Qxc4 35. Rc6 $1 {[%cal Rc6c4]} Qd3 (35... Qb4 $1 $15 36. Rxc7 Qb2+ 37. Kf1 Qc1+ 38. Ke2 Rxc7 39. Qxc7+ Kh6) 36. Rxc7 Rxc7 37. Qxc7+ Kh6 {aiming for ...Qd2+.} 38. Qe5 $1 {[%cal Re5h8]} Qd2+ 39. Ne2 {[%cal Re5h8] [#]} Kh5 $2 {[#]} ({Better is} 39... Nf6 $1 $11 {[%mdl 512]}) 40. d6 $1 $16 {Black must now prevent Qe8.} Nf6 $2 {[%mdl 8192] [#]} (40... Nh6 $16) 41. Kf1 $1 $18 Qe3 42. Qxf6 {[%cal Rf6h8]} Qxf3+ 43. Ke1 {Qh8+ would kill now.} Qh1+ 44. Kd2 Qd5+ 45. Kc1 $2 ({White has to play} 45. Qd4 $18 Qa5+ 46. Nc3) 45... Qc4+ $2 {[%mdl 8192]} (45... Qh1+ $11 46. Kd2 Qd5+ 47. Qd4 Qxa2+ 48. Ke1 Qg8) 46. Qc3 Qxe2 47. Qh3# {Precision: White = 64%, Black = 36%.} 1-0

[Event "4NCL 2017-18"]
[Site "Northampton"]
[Date "2018.02.10"]
[Round "5"]
[White "Ross, Chris N"]
[Black "McKay, Roderick M"]
[Result "1-0"]
[WhiteElo "2206"]
[BlackElo "2297"]
[Annotator "TA"]
[PlyCount "80"]
[EventDate "2018.??.??"]
[EventCountry "GBR"]
[SourceTitle "playchess.com"]
[Source "ChessBase"]
[SourceQuality "1"]

{[%evp 17,80,60,52,42,57,0,0,0,0,0,14,-12,-13,-4,0,0,0,-3,0,-47,-50,-22,0,0,0,0,0,0,294,289,286,279,370,124,193,108,108,108,116,121,160,158,247,234,254,254,254,254,248,250,350,283,491,484,478,439,875,847,29968,1103,29969,29969,29996,29997,29997]} 1. d4 Nf6 2. c4 g6 3. g3 Bg7 4. Bg2 O-O 5. Nc3 d6 6. Nf3 c6 7. O-O Bf5 8. Ne1 Qc8 9. e4 Bh3 10. Bxh3 {E62: King's Indian: Fianchetto: 6...c6 and Panno Variation (6...Nc6) without ...a6} (10. Nd3 Bxg2 11. Kxg2 e5 12. d5 b5 13. cxb5 cxd5 14. exd5 Qc4 15. Re1 h6 16. a4 Nbd7 17. a5 e4 18. Nf4 {1-0 (41) Van Wely,L (2679)-Wang,H (2752) Wijk aan Zee 2013}) 10... Qxh3 11. f4 $146 ({Better is} 11. f3 $1 $14) ({Predecessor:} 11. f3 Bh6 12. Nd3 Bxc1 13. Rxc1 Nbd7 14. Qd2 e5 15. d5 c5 16. Rce1 a6 17. a4 Rab8 {½-½ (27) Brynell,S (2484)-Hillarp Persson,T (2528) Orebro 2013}) 11... c5 (11... Ng4 $5 12. Nf3 $8 c5 13. dxc5 dxc5 $15) 12. dxc5 {The position is equal.} Nc6 {[%cal Bb8c6,Bc6d4,Bd4f3][%mdl 32] White must now prevent ...Ng4.} 13. Nf3 dxc5 14. e5 (14. Ng5 $5 {[%cal Rg5h3]} Qc8 15. e5 $11) 14... Ng4 15. Ne4 {White wants to play Neg5.} Nd4 {Strongly threatening ...Nxf3+.} 16. Neg5 Nxf3+ $1 17. Nxf3 f6 {[%cal Rf6e5]} 18. e6 f5 19. Qe2 Rad8 20. Be3 $1 {[%cal Re3c5]} Nxe3 21. Qxe3 Bxb2 22. Rad1 g5 $2 {[%mdl 8192]} (22... Rxd1 $11 23. Rxd1 Qh5) 23. Rxd8 $1 $18 Rxd8 24. Qxc5 Kf8 25. Qf2 $2 (25. Qc7 $18 Ke8 26. Qxb7 (26. fxg5 Qg4 $18)) 25... Bf6 (25... Bg7 $16 {was worth a try.}) 26. Nxg5 (26. fxg5 $18 Bc3 27. Qxa7) 26... Qh5 $16 27. Nf3 b6 28. Qe2 Rd4 {[#]} 29. Re1 $1 Re4 {[#]} (29... Rd6 $16 {is a better defense.} 30. Kf2 Qe8) 30. Qd3 $1 $18 Rxc4 31. Qxc4 Qxf3 {[%mdl 4096] Endgame KQR-KQB} 32. Rf1 Qe3+ 33. Kg2 Bd4 34. Kh3 Bc5 $2 (34... Kg7 35. Rd1 Bf6) 35. Qd5 Qe4 36. Qe5 {[%cal Re5h8]} Kg8 (36... Bd4 $142 37. Qxe4 fxe4) 37. Re1 Qc2 38. Qb8+ Kg7 39. Qe8 Qd3 40. Qf7+ Kh6 {Precision: White = 59%, Black = 40%.} 1-0

[Event "4NCL 2017-18"]
[Site "Northampton"]
[Date "2018.02.10"]
[Round "5"]
[White "Findlay, David John"]
[Black "Robertson, J Stuart"]
[Result "1/2-1/2"]
[WhiteElo "2185"]
[BlackElo "2133"]
[Annotator "TA"]
[PlyCount "69"]
[EventDate "2018.??.??"]
[EventCountry "GBR"]
[SourceTitle "playchess.com"]
[Source "ChessBase"]
[SourceQuality "1"]

{[%evp 9,69,41,36,15,23,0,0,0,0,0,-2,-12,-11,8,0,-40,-40,-36,-33,-53,-45,-53,-41,-79,-75,-78,-21,-26,-19,-26,-31,-50,-44,-125,-112,-91,-168,-164,-157,-156,-135,-145,-162,-144,-159,-296,-279,-264,-195,-179,114,-650,-50,-56,0,0,0,0,0,0,5,0]} 1. e4 c5 2. Nf3 Nc6 3. Bb5 d6 4. O-O Bd7 5. Re1 Nf6 6. b3 {B51: Sicilian: Moscow Variation (3 Bb5+) without 3...Bd7} a6 7. Bf1 Bg4 8. h3 Bh5 9. d3 e6 10. Bb2 Be7 11. Nbd2 O-O 12. c3 $146 ({Predecessor:} 12. g4 Bg6 13. Bg2 d5 {½-½ (52) Cuartas,J (2458)-Paragua,M (2617) Turin 2006}) 12... Rc8 13. Qc2 b5 14. Be2 d5 15. Rad1 Qb6 16. Nh2 Bg6 17. Ng4 Nh5 (17... Nxg4 $17 18. Bxg4 Rfd8) 18. Nf3 $11 Qb8 19. exd5 exd5 {[%cal Be6d5,Bd5d4][%mdl 32]} 20. Bf1 Bd6 $1 21. Nh4 {[#]} ({Better is} 21. Qd2 $15) 21... d4 $1 $17 22. Nxg6 hxg6 23. g3 f5 {White must now prevent ...dxc3.} 24. Nh2 {[#]} f4 $1 {[%cal Rf4g3]} 25. g4 f3 26. Nxf3 Rxf3 27. gxh5 (27. Bg2 $17 dxc3 28. Bxc3 (28. Bxf3 $2 Nd4 $19)) 27... Rcf8 (27... gxh5 28. Qe2 $14) 28. Re2 Qd8 {Hoping for ...Qh4.} (28... gxh5 29. Bg2 $15) 29. Bg2 {Strongly threatening cxd4.} Qh4 $2 (29... gxh5 30. cxd4 Nb4 31. Qc3 $11) (29... Qg5 $19 {aiming for ...Rxh3.} 30. h6 Rxh3 31. hxg7 (31. Kf1 Qxh6 32. Re4 Rh1+ 33. Ke2 Qh5+ 34. f3 Rh2 $19) 31... Kxg7) 30. Qd2 $2 {[%mdl 8192]} ({Don't blunder} 30. hxg6 $2 Rxh3 31. Bxh3 Qxh3 $19) (30. Bxf3 $16 Rxf3 31. Re8+ (31. hxg6 $2 Qg5+ 32. Kf1 Qxg6 $17) 31... Kf7 32. Qe2) 30... Ne5 $2 ({Black should play} 30... Rxh3 $19 {( -> ...Rh1+!)} 31. Bd5+ Kh8) 31. cxd4 $1 $15 cxd4 (31... Nxd3 $15 32. Bxf3 Rxf3 33. Qxd3 (33. hxg6 $2 Rxh3 34. Re8+ Bf8 $19) 33... Rxd3 34. Rxd3 Qg5+ 35. Kf1 c4 36. bxc4 bxc4) 32. Re4 $1 $11 {[%cal Re4h4] The position is equal.} Qxh5 33. Qe2 $1 Rxf2 34. Qxh5 gxh5 35. Bxd4 {Precision: White = 34%, Black = 59%.} 1/2-1/2

[Event "4NCL 2017-18"]
[Site "Northampton"]
[Date "2018.02.10"]
[Round "5"]
[White "Spencer, Carl J"]
[Black "White, Stuart A"]
[Result "1/2-1/2"]
[WhiteElo "2141"]
[BlackElo "2107"]
[Annotator "TA"]
[PlyCount "68"]
[EventDate "2018.??.??"]
[EventCountry "GBR"]
[SourceTitle "playchess.com"]
[Source "ChessBase"]
[SourceQuality "1"]

{[%evp 21,68,0,15,-44,-45,-38,-43,-43,-31,-50,-44,-77,-65,-68,-31,-35,-34,-29,-5,-21,-12,-31,-26,-31,-31,-32,-16,-52,-22,-60,-69,-55,-16,-14,0,-21,-12,-66,-14,-91,-61,-83,-6,-7,-15,-45,0,0,0]} 1. e4 c5 2. Nf3 d6 3. Bb5+ Bd7 4. Bxd7+ Qxd7 5. O-O Nf6 6. Nc3 Nc6 {[%cal Bb8c6,Bc6e5,Be5c4,Bc4e3][%mdl 32]} 7. d4 cxd4 8. Nxd4 g6 9. f3 Bg7 10. Be3 O-O 11. Qd2 {B52: Sicilian: Moscow Variation with 3...Bd7} Ne5 {LiveBook: 3 Games} 12. Rfd1 $146 (12. b3 $11) ({Find the theoretical novelty and annotate with similar games:} 12. b3 Rfc8 13. a4 Nc6 14. Nce2 d5 15. Nxc6 Qxc6 16. Nd4 Qc3 17. e5 Qxd2 18. Bxd2 {0-1 (34) Mnatsakanian,E (2101)-Pashikian,A (2604) Yerevan 2015}) 12... Nc4 $15 13. Qc1 $1 {Black is slightly better.} Nxe3 14. Qxe3 Rac8 15. Rac1 a6 16. a4 Qc7 17. Nce2 Nd7 18. c4 Qa5 19. b3 Qb6 20. Rb1 Rfe8 21. Nc2 Qa5 22. Rd5 Qc7 23. Nc3 Nf6 24. Rd3 Qa5 25. Nd5 Nxd5 26. Rxd5 Qc7 (26... b5 $5) 27. Rbd1 Rcd8 28. Kf1 e6 29. R5d3 {[#]} (29. R5d2 $11) 29... d5 ({Black should try} 29... b5 $1 $15 {[%mdl 512]} 30. axb5 axb5) 30. Qd2 (30. exd5 $11 {keeps the balance.} exd5 31. Rxd5) 30... Qxh2 {Threatens to win with ...Bf6.} 31. cxd5 Qh1+ (31... exd5 $17 {White must now prevent ...Bf6.} 32. Rxd5 Rxd5 33. Qxd5 Bf6) 32. Kf2 $11 Qh4+ 33. Kf1 {Threatening dxe6.} Qh1+ 34. Kf2 Qh4+ {Precision: White = 20%, Black = 36%.} 1/2-1/2

[Event "4NCL 2017-18"]
[Site "Northampton"]
[Date "2018.02.10"]
[Round "5"]
[White "Kalaiyalahan, Akshaya"]
[Black "Steil-Antoni, Fiona"]
[Result "1/2-1/2"]
[WhiteElo "2136"]
[BlackElo "2184"]
[Annotator "TA"]
[PlyCount "87"]
[EventDate "2018.??.??"]
[EventCountry "GBR"]
[SourceTitle "playchess.com"]
[Source "ChessBase"]
[SourceQuality "1"]

{[%evp 14,87,36,24,29,29,29,29,31,22,36,21,23,-63,-66,-102,-61,-108,-58,-45,-36,-27,-15,-31,-31,-33,-34,-54,-28,-56,-18,-33,0,0,0,-21,0,0,0,-32,-24,-96,-80,-133,-116,-136,-116,-335,-341,-285,-309,-445,-431,-416,-398,-977,-352,-347,-299,-291,-254,-403,-388,-420,-405,-344,-425,-474,-188,-165,0,0,0,-203,-114,-237]} 1. d4 e6 2. c4 f5 3. Nf3 Nf6 4. g3 Be7 5. Bg2 d5 6. O-O Ne4 {A92: Classical Dutch: Classical Stonewall (with ...Be7): Early deviations} 7. Nc3 c6 8. Ne5 {LiveBook: 3 Games} (8. Nd2 Nd6 9. b3 Nd7 10. a4 h5 11. b4 h4 12. b5 hxg3 13. hxg3 Nf6 14. Qb3 {0-1 (37) Riazantsev,A (2651)-Rapport,R (2692) Palma de Mallorca 2017}) 8... Nd7 {White has an edge.} 9. Nxd7 Bxd7 10. Nxe4 fxe4 11. f3 exf3 12. Bxf3 O-O 13. e4 $146 (13. Bf4 $11) ({Predecessor:} 13. Qc2 Be8 {1-0 (34) Tadese,E (1952)-Chipanga,C (2060) Tromsoe 2014}) 13... dxc4 $15 14. Qe2 b5 15. Be3 Bg5 16. e5 Bxe3+ 17. Qxe3 Qe7 18. b3 cxb3 19. axb3 a5 20. Rfc1 Ra6 21. Rc5 Rc8 22. Be4 g6 23. h4 Rf8 24. Qd2 Qf7 25. Rcc1 a4 26. Ra3 Qe7 27. b4 (27. Rc5 $11 {remains equal.}) 27... Rf7 28. Qb2 (28. Rf1 $142) 28... Ra8 $17 29. Kg2 Raf8 $36 {[%mdl 2048] Hoping for ...Rf2+! Black is in control.} 30. Bf3 $2 (30. Rf3 $17 {was called for.}) 30... g5 $19 31. hxg5 Qxg5 32. Rc2 (32. Rc5 $142) 32... h5 33. Qc1 Qg6 34. Qd1 $2 {[#]} (34. Re3 h4 35. Be4) 34... h4 $2 (34... Rxf3 $1 {[%mdl 512]} 35. Rxf3 Rxf3 36. Qxf3 Qxc2+ 37. Kg1 Be8) 35. Bh5 Qe4+ 36. Kh3 Rg7 37. g4 (37. Re2 $142 Qd5 38. Rg2) 37... Rf4 38. Qd3 {If White can now play Qxe4 this consolidates a bit.} Qxd4 39. Qxd4 Rxd4 40. Rb2 {[#]} Rg5 $2 (40... c5 $1 41. bxc5 b4) 41. Rf3 Rxh5 $2 ({Black should play} 41... Rxe5 $19 {Strongly threatening ...Rg5.} 42. Rbf2 Rg5 43. Rf8+ Kh7) 42. gxh5 $11 Be8 $1 43. h6 $2 {[#]} (43. Rg2+ $11 Kh7 44. Rf6 Bxh5 45. Rxe6) 43... Bg6 $1 $19 44. Rg2 {Precision: White = 30%, Black = 35%.} 1/2-1/2